000 00426nam a22001337a 4500
082 _a629.287
_bNAT
_cD
100 _aUS Department of transportation
_913255
245 _aNational Uniform Driver vehicle inspection manual
_cUS Department of transportation
260 _aUSA
_bUS Department of transportation
_c1984
300 _aP-21
_bill
526 _a0
_b0
_c0
_d629_287000000000000_NAT
650 _aMCE
_9379
942 _2ddc
_cBK
999 _c548488
_d548488